[Event "Andalucia-ch U18"]
[Site "Almeria"]
[Date "2011.04.19"]
[Round "7.12"]
[White "Rivas Perez, Jorge"]
[Black "Perez Tores, Juan Miguel"]
[Result "1-0"]
[WhiteElo "1782"]
[BlackElo "1734"]
[PlyCount "42"]
[EventDate "2011.04.16"]
[EventType "swiss"]
[EventRounds "8"]
[EventCountry "ESP"]
[SourceTitle "EXT 2024"]
[Source "ChessBase"]
[SourceDate "2023.10.10"]
[SourceVersion "1"]
[SourceVersionDate "2023.10.10"]
[SourceQuality "1"]

1. e4 d6 2. d4 Nf6 3. Bd3 g6 4. Ne2 Bg7 5. c3 Nc6 6. 0-0 0-0 7. h3 e5 8. Be3 Bd7 9. f4 exf4 10. Bxf4 Qe7 11. Nd2 Rae8 12. Ng3 h5 13. Bg5 Kh7 14. Qf3 a6 15. Bxf6 Bxf6 16. Qxf6 Qxf6 17. Rxf6 Re6 18. Rxe6 Bxe6 19. Nf3 Ne7 20. Ng5+ Kg7 21. Nxe6+ fxe6 1-0

[Event "Benidorm New Generation U16 06th"]
[Site "Benidorm"]
[Date "2010.12.07"]
[Round "5"]
[White "Rivas Perez, Jorge"]
[Black "Vazquez Torres, Adrian"]
[Result "1/2-1/2"]
[WhiteElo "1717"]
[BlackElo "2166"]
[PlyCount "47"]
[EventDate "2010.12.04"]
[EventType "swiss"]
[EventRounds "7"]
[EventCountry "ESP"]
[SourceTitle "EXT 2024"]
[Source "ChessBase"]
[SourceDate "2023.10.10"]
[SourceVersion "1"]
[SourceVersionDate "2023.10.10"]
[SourceQuality "1"]

1. e4 c5 2. Nc3 Nc6 3. g3 g6 4. Bg2 Bg7 5. f4 d6 6. h3 e6 7. Nf3 Nge7 8. 0-0 0-0 9. d3 Nd4 10. Nxd4 Bxd4+ 11. Kh2 Qb6 12. Ne2 Bg7 13. g4 f5 14. Ng3 Bd7 15. h4 Bc6 16. c3 Rae8 17. h5 e5 18. hxg6 hxg6 19. gxf5 gxf5 20. Be3 Qd8 21. Nh5 Rf7 22. Rg1 Kf8 23. Nxg7 Rxg7 24. fxe5 1/2-1/2

[Event "Benidorm New Generation U16 06th"]
[Site "Benidorm"]
[Date "2010.12.06"]
[Round "4"]
[White "Orantes Taboada, Manuel"]
[Black "Rivas Perez, Jorge"]
[Result "1/2-1/2"]
[WhiteElo "1807"]
[BlackElo "1717"]
[PlyCount "40"]
[EventDate "2010.12.04"]
[EventType "swiss"]
[EventRounds "7"]
[EventCountry "ESP"]
[SourceTitle "EXT 2024"]
[Source "ChessBase"]
[SourceDate "2023.10.10"]
[SourceVersion "1"]
[SourceVersionDate "2023.10.10"]
[SourceQuality "1"]

1. e4 e5 2. Nf3 Nc6 3. Bb5 Bc5 4. Bxc6 bxc6 5. 0-0 d6 6. c3 Bg4 7. h3 Bh5 8. Na3 Bxa3 9. bxa3 Qf6 10. Re1 Bxf3 11. Qxf3 Qxf3 12. gxf3 0-0-0 13. Kf1 Ne7 14. Ke2 Rd7 15. d3 Rhd8 16. Rd1 Ng6 17. Be3 c5 18. Rd2 Nf4+ 19. Bxf4 exf4 20. h4 h5 1/2-1/2